000 00635na a2200229 4500
001 21521
003 MIRAKIL
005 20181213155130.0
008 170205b tu 000 0
020 _a9752933440
040 _aMilas
_btur
_cTR-AnCHP
041 _atur
082 _a320.9561
_bB54ü 2005
090 _a320.9561 B54ü 2005
100 _aBilginer, Recep
245 _aÜç iktidar üç hayal kırıklığı
_cRecep Bilginer
260 _aİstanbul
_bDoğan Kitap
_c2005
300 _a319 s.
_bfotg.
_c23 sm.
504 _aDizin var.
651 _aTürkiye
_vSiyaset ve yönetim
_y1946-1960
_3Anılar
942 _2ddc
_cBKS
999 _c7173
_d7173